00642nam a22002177a 450000500170000001000110001702000100002803500110003803700160004904000120006508200160007710000180009324501230011126000350023427000350026930000210030465000220032565000360034770000230038370000180040620170124105945.0 a808819 c13.50 a808819 bCen Lib/Ret aDPLbEN a260.352SIN aSingh, Ranbir aGuru Tegh bahadur :cby Ranbir Singh; translated by Harbhajan Singh [and] Parman Singhbdivine poet saviour & martyr / a New DelhibCaxton pressc1975 a New Delhib New Delhie110016 a138p. c21cm(Hb) aSikh guruszIndia a Tegh Bahadur, -- Guru,  a Singh, Harbhajan aSingh, Parman